Arsenal Football Club- Multiple Choice - Statistics

General Stats
  • This quiz has been taken 204 times
  • The average score is 4 of 10
Answer Stats
Question Answer % Correct
Who is Arsenal's all time leading goalscorer? Thierry Henry
98%
From which team was Ian Wright signed in 1991? Crystal Palace
79%
Arsenal originally played south of the River Thames in what area? Woolwich
69%
Which of these players scored the most goals for Arsenal after starting on the bench? Olivier Giroud
38%
How much did Arsenal pay to bring Andrey Arshavin the club? £15 Million
31%
Which two Arsenal legends share names with Harry Kane's pet dogs? (Supposedly named after NFL players) Liam Brady and Bob Wilson
31%
Which of these line ups started the 2014 F.A Cup Final against Hull City? Fabianski,Sagna, Mertesacker, Koscielny, Gibbs, Arteta, Ramsey, Cazorla, Ozil, Podolski, Giroud
26%
How many league appearances did Tony Adams make for The Arsenal? 504
19%
Which former Gunners star reportedly said "Remember who you are, what you are and who you represent"? David Rocastle
19%
Which manager served the longest term at the club? Bertie Mee
2%
No matching quizzes found
Score Distribution
Percent of People with Each Score
Percentile by Number Answered
Your Score History
You have not taken this quiz